| 000 | 00915nam a2200241 a 4500 | ||
|---|---|---|---|
| 005 | 20090706153310.0 | ||
| 008 | 010625s2001 ii b 000 0 eng | ||
| 010 | _aENG-94328 | ||
| 020 |
_c295.00 _a9788124114100 |
||
| 035 | _aEN-77861 | ||
| 037 | _bDBAD / PUB | ||
| 040 |
_adpl _bEnglish |
||
| 082 | _a305.6971054 | ||
| 100 | _aSyed Iqbal Hasnain | ||
| 245 |
_aMuslims in North India: _cby Syed Iqbal Hasnain _bfrozen in the past / |
||
| 260 |
_aNew Delhi _bHar-Anand Publications _c2009 |
||
| 270 |
_aE-49/3, Okhla Industrial Area, Phase-II, _bNew Delhi _e110020 |
||
| 300 |
_a144p. _c22cm(Hb) |
||
| 500 | _aIncludes index | ||
| 650 |
_aMuslims _zIndia, North |
||
| 942 |
_2ddc _cEN _mSYE _h305.6971054 |
||
| 999 |
_c28079 _d28079 |
||